Les plus écoutés en 2021 - Statistiques

Statistiques générales
  • Ce quiz a été pris 29 fois
  • Le résultat moyen est 10 sur 30
Statistiques - réponses
Hint Réponse % Correct
1 Jul
88%
4 Damso
80%
7 PNL
76%
3 SCH
76%
2 Ninho
72%
6 Booba
68%
10 Nekfeu
68%
5 Naps
60%
13 organisé Bande organisée
44%
Naps La kiffance
40%
Soso Maness (feat PLK) Petrouchka
40%
PNL Deux frères
32%
9 PLK
32%
8 Djadja & Dinaz
28%
Dua Lipa, Angèle Fever
24%
Ninho MILS 3
24%
Tayc Le temps
20%
Lil nas X MONTERO
20%
Alonzo, Jul et Naps La Seleção
16%
Nekfeu Les étoiles vagabondes
16%
Damso QALF Infinity
16%
Booba ULTRA
16%
Gazo Haine&Sex
12%
Oboy TDB
12%
Naps Les mains faites pour l'or
8%
BOOBA Mona Lisa
8%
Dadju Poison ou antidote
8%
Djadja & Dinaz Spleen
8%
SCH JVLIUS II
4%
Dua Lipa Future nostalgie
0%
Aucun quiz correspondant
Distribution des résultats
% des personnes avec chaque résultat
Percentile par nombre de réponses
Votre historique - résultats
Vous n’avez pas pris ce quiz